000 00470nam a2200157Ia 4500
008 160316s2000 xxu||||| |||| 00| 0 eng d
082 _a347.090000
_bGOE-III
100 _aGoel
245 _a51 years digest of arbitration cases 1950 - 2000 Vol.III ( 1998 to 2000)
250 _a
260 _aDelhi
_bArbitration Law Reporter
_c2000
300 _a596p
_b
_c
365 _b Rs.1,500 3 vol
650 _a1. Arbitration - Cases - Digest 1950 - 2000
700 _aChadha
_a
999 _c18902
_d18902